| 000 | 00630nam a2200193 i 4500 | ||
|---|---|---|---|
| 001 | 20334 | ||
| 003 | ES-MaACL | ||
| 005 | 20250823005017.0 | ||
| 007 | t| | ||
| 008 | 021111s1970 sp |||| | spa d | ||
| 100 | 1 |
_aAguilar Gómez, Juan de Dios. _918724 |
|
| 245 | 1 | 0 |
_aHistoria de la música en la provincia de Alicante / _cJuan de Dios Aguilar Gómez. |
| 260 |
_aAlicante : _bInstituto de Estudios Alicantinos, _c[1970] |
||
| 300 |
_a750 p. ; _c21 cm. |
||
| 650 | 7 |
_aMúsica- _zAlicante (Provincia) _2 _9165115 |
|
| 710 | 2 |
_aInstituto de Estudios Alicantinos. _94886 |
|
| 852 |
_aES-MaACL _jC-41945 |
||
| 999 |
_c20334 _d20334 |
||